| 000 | 00521cam a2200169 4500500 | ||
|---|---|---|---|
| 005 | 20260329003407.0 | ||
| 041 | _afre | ||
| 042 | _adc | ||
| 100 | 1 | 0 |
_aPersonne, Thomas _eauthor |
| 245 | 0 | 0 | _aKant : Une lecture des trois "Critiques" |
| 260 | _c2015. | ||
| 500 | _a44 | ||
| 690 | _aCritique | ||
| 690 | _aLuc Ferry | ||
| 786 | 0 | _nPhilosophie magazine | 91 | 8 | 2015-07-01 | p. 65-65 | 1951-1787 | |
| 856 | 4 | 1 | _uhttps://shs.cairn.info/magazine-philosophie-magazine-2015-8-page-65?lang=fr&redirect-ssocas=7080 |
| 999 |
_c1824208 _d1824208 |
||